Normal view
MARC view
Entry Geographic Name
001 - CONTROL NUMBER
- control field: 9240
003 - CONTROL NUMBER IDENTIFIER
- control field: ARRUPE
005 - DATE AND TIME OF LATEST TRANSACTION
- control field: 20140320172920.0
008 - FIXED-LENGTH DATA ELEMENTS
- fixed length control field: 140320|| aca||aabn | a|a d
040 ## - CATALOGING SOURCE
- Original cataloging agency: ARRUPE
- Transcribing agency: ARRUPE
151 ## - HEADING--GEOGRAPHIC NAME
- Geographic name: Kenya
- General subdivision: Description and travel.
670 ## - SOURCE DATA FOUND
- Source citation: Work cat.: (ARRUPE)0: Perham, Margery, 1895-1982. 9238, East African journey :, 1976.